Music Quiz

Random Music or Rock Quiz

'Let There Be Rock' Lyrics Quiz Stats

 Plays Quiz not verified by Sporcle

Score 0/204 Timer 06:00
0 Plays Today
% Correct
(Angus Young doing what he does best)
100%
(Guitar Solo)
100%
(Incredible guitar solo by Angus Young)
100%
the
98.4%
The
98.4%
the
98.4%
The
98.4%
the
98.4%
the
98.4%
be
98.4%
be
98.4%
be
98.4%
be
98.4%
be
98.4%
the
98.4%
the
98.4%
The
98.4%
the
98.4%
be
98.4%
be
98.4%
the
98.4%
the
98.4%
the
98.4%
the
98.4%
the
98.4%
the
98.4%
be
98.4%
rock
97.9%
let
97.9%
there
97.9%
There
97.9%
Let
97.9%
there
97.9%
There
97.9%
Let
97.9%
there
97.9%
There
97.9%
Let
97.9%
there
97.9%
There
97.9%
Let
97.9%
there
97.9%
rock
97.9%
rock
97.9%
there
97.9%
There
97.9%
Let
97.9%
there
97.9%
Let
97.9%
there
97.9%
rock
97.9%
There
97.9%
Let
97.9%
there
97.9%
rock
97.9%
'n'
96.3%
guitar
96.3%
guitar
96.3%
'n'
96.3%
guitar
96.3%
Guitar
96.3%
a
95.8%
light
95.8%
light
95.8%
a
95.8%
a
95.8%
a
95.8%
light
95.8%
% Correct
was
95.3%
was
95.3%
was
95.3%
was
95.3%
was
95.3%
was
95.3%
Was
95.3%
was
95.3%
was
95.3%
was
95.3%
was
95.3%
was
95.3%
drums
94.7%
drums
94.7%
Drums
94.7%
roll
94.2%
roll
94.2%
sound
93.7%
sound
93.7%
Sound
93.7%
In
93.2%
in
93.2%
in
93.2%
in
93.2%
Man
92.1%
And
92.1%
man
92.1%
man
92.1%
And
92.1%
And
92.1%
man
92.1%
man
92.1%
And
92.1%
And
92.1%
And
92.1%
And
92.1%
and
92.1%
And
92.1%
and
92.1%
had
91.6%
had
91.6%
had
91.6%
had
91.6%
beginning
88.9%
white
88.9%
black
88.9%
Back
88.4%
nineteen
88.4%
five
88.4%
He
88.4%
he
88.4%
fifty
87.9%
blues
86.3%
said
86.3%
said
86.3%
know
85.3%
'bout
84.7%
didn't
83.7%
do
83.7%
to
83.7%
to
83.7%
to
83.7%
to
83.7%
No
83.2%
what
83.2%
what
83.2%
all
82.6%
All
82.6%
% Correct
show
81.6%
one
81.1%
they
81.1%
they
81.1%
One
81.1%
that
80.5%
That
80.5%
But
76.8%
play
75.8%
news
75.3%
got
74.7%
got
74.7%
jive
74.2%
knew
74.2%
gonna
72.6%
born
72.6%
rich
72.6%
fingers
72.1%
how
72.1%
fingers
72.1%
it
71.1%
famous
71.1%
say
70.5%
is
70%
band
69.5%
band
69.5%
million
68.4%
Learnin'
67.9%
you
67.9%
every
66.8%
every
66.8%
came
66.3%
music
66.3%
music
66.3%
this
64.7%
rockin'
62.6%
rockin'
62.6%
fifteen
62.1%
pass
61.1%
hear
60.5%
crowd
59.5%
good
58.9%
could
57.4%
superstar
56.3%
loud
56.3%
up
55.8%
business
55.8%
across
55.3%
land
54.7%
pickin'
54.2%
Tschaikosky
53.2%
storm
52.6%
night
52.1%
With
51.6%
singer
50%
seven
48.4%
year
47.9%
turned
47.4%
hand
46.8%
blowin'
45.3%
itch
44.2%
shakin'
44.2%
bar
42.1%
schmaltz
41.6%
decibel
39.5%
club
35.8%
called
32.6%
42
30%

You're not logged in!

Compare scores with friends on all Sporcle quizzes.
OR
Log In

Show Comments

Extras

Created Sep 1, 2014SourceReportNominate
Tags:Rock Quiz, Song Quiz, let

Top Quizzes Today


Score Distribution

Your Account Isn't Verified!

In order to create a playlist on Sporcle, you need to verify the email address you used during registration. Go to your Sporcle Settings to finish the process.

Report this User

Report this user for behavior that violates our Community Guidelines.

Details: